Química de la contracción muscular / (Record no. 149158)

MARC details
000 -LEADER
campo de control de longitud fija 00621nam a2200169 4500
001 - NÚMERO DE CONTROL
campo de control 149158
003 - IDENTIFICADOR DE NÚMERO DE CONTROL
campo de control ES-MaACL
005 - FECHA Y HORA DE LA ÚLTIMA TRANSACCIÓN
campo de control 20230906202957.0
007 - CAMPO FIJO DE DESCRIPCIÓN FÍSICA--INFORMACIÓN GENERAL
campo de control de longitud fija t|
008 - DATOS DE LONGITUD FIJA--INFORMACIÓN GENERAL
campo de control de longitud fija 070214s1952 sp r ||||1| spa d
100 1# - ENTRADA PRINCIPAL--NOMBRE DE PERSONA
Nombre de persona Szent-Gyoergyi, Albert.
9 (RLIN) 108990
245 10 - MENCIÓN DEL TÍTULO
Título Química de la contracción muscular /
Mención de responsabilidad, etc. Albert Szent-Gyoergyi ; versión española de la 2ª edición inglesa... revisada y aumentada por el Dr. Vicente Villar Palasí.
260 ## - PUBLICACIÓN, DISTRIBUCIÓN, ETC.
Lugar de publicación, distribución, etc. Madrid :
Nombre del editor, distribuidor, etc. Aguilar,
Fecha de publicación, distribución, etc. [1952] (
Fabricante Marto)
300 ## - DESCRIPCIÓN FÍSICA
Extensión XV, 196 p. :
Otras características físicas il. ;
Dimensiones 22 cm.
700 1# - ENTRADA AGREGADA--NOMBRE PERSONAL
Nombre de persona Villar Palasí, Vicente.
9 (RLIN) 115099
852 ## - LOCALIZACIÓN
Ubicación ES-MaACL
Número de control de estantería D-5960
Sublocalización o colección R.32115
Holdings
Estatus retirado Estado de pérdida Estado de daño No para préstamo Biblioteca de origen Biblioteca actual Ubicación en estantería Fecha de adquisición Fuente de adquisición Total de préstamos Signatura topográfica completa Código de barras Visto por última vez Precio de reemplazo Tipo de ítem Koha
        Biblioteca del Ateneo de Madrid Biblioteca del Ateneo de Madrid Sala Valle Inclán 17/01/2008     D-5960 901155649 23/02/2023 23/02/2023 Libro impreso